Giáo dục và ý nghĩa cuộc sống /
Shranjeno v:
| Glavni avtor: | |
|---|---|
| Format: | Knjiga |
| Jezik: | Vietnamese |
| Izdano: |
H. :
VHSG,
2007.
2007. |
| Teme: | |
| Oznake: |
Označite
Brez oznak, prvi označite!
|
| Thư viện lưu trữ: | Mạng thư viện Đại học Đà Nẵng |
|---|
| LEADER | 00946nam a22003131a 4500 | ||
|---|---|---|---|
| 001 | 000039315 | ||
| 003 | 15610 | ||
| 005 | 20210427095225.0 | ||
| 008 | 160412s2007 000 | ||
| 020 | |c 23000đ | ||
| 041 | 0 | |a vie | |
| 082 | |a 370.7 |b KR-I | ||
| 100 | 0 | |a Krisnamurti | |
| 245 | 0 | |a Giáo dục và ý nghĩa cuộc sống / |c Krisnamurti. | |
| 260 | |c 2007. | ||
| 260 | |a H. : |b VHSG, |c 2007. | ||
| 300 | |a 162 tr. ; |c 20 cm. | ||
| 653 | |a Giáo dục | ||
| 653 | |a Giáo dục học | ||
| 653 | |a ý nghĩa cuộc sống | ||
| OWN | |a LNN | ||
| 902 | |a TKV | ||
| AVA | |a UDN50 |b LNN |d 370.7 KR-I |e available |t Error 5001 Not defined in file expand_doc_bib_avail. |f 1 |g 0 |h N |i 0 | ||
| 999 | |a From the UDN01 | ||
| AVA | |a UDN50 |b LNN |d 370.7 KR-I |e available |t Error 5001 Not defined in file expand_doc_bib_avail. |f 1 |g 0 |h N |i 0 | ||
| TYP | |a Monograph | ||
| 980 | |a Mạng thư viện Đại học Đà Nẵng | ||